Guess the City of Australia by Picture - Statistics

General Stats
  • This quiz has been taken 112 times
  • The average score is 9 of 16
Answer Stats
Picture Answer % Correct
Melbourne
92%
Sydney
92%
Brisbane
89%
Adelaide
76%
Gold Coast
76%
Hobart
71%
Canberra
64%
Darwin
64%
Perth
55%
Alice Springs
51%
Townsville
34%
Newcastle
29%
Wollongong
26%
Ballarat
24%
Rockhampton
7%
Mildura
5%
No matching quizzes found
Score Distribution
Percent of People with Each Score
Percentile by Number Answered
Your Score History
You have not taken this quiz